00448nam a22001457a 450000500170000001000150001702000110003203500130004303700130005608200140006924500540008326000420013727001010017930000220028020100821144348.0 aENG-101246 c140.00 aEN-84879 bDBAD/PUB a347.00954 aThe sashastra seema bal act, 2007 :b53 of 2007 / aDelhibUniversal Law Publishingc2010 aC-FF-1A, Dilkush Industrial Estate, (Near Azadpur Metro Station) G.T. Karnal RoadbDelhie110033 a126p.c24cm (pbk)